LEADER 00970cam0-2200313---450- 001 990005691590403321 005 20150413160554.0 035 $a000569159 035 $aFED01000569159 035 $a(Aleph)000569159FED01 035 $a000569159 100 $a19990604d1977----km-y0itay50------ba 101 0 $aita 102 $aIT 105 $ay-------001yy 200 1 $aLat. Papilio Farfalla$edall'onomasiologia all'etimologia$fGiovanni Alessio 210 $aBologna$cTip. Compositori$d1977 215 $a82 p.$d26 cm 225 1 $aAtti della Accademia delle scienze dell'Istituto di Bologna$eClasse di scienze morali$iMemorie$h72$v71 610 0 $aLingua italiana$aEtimologia 676 $a452 700 1$aAlessio,$bGiovanni$f<1909-1984>$084780 801 0$aIT$bUNINA$gRICA$2UNIMARC 901 $aBK 912 $a990005691590403321 952 $a452 ALE 1$bIST.GLOTT. S.I.$fFLFBC 959 $aFLFBC 996 $aLat. Papilio Farfalla$9601775 997 $aUNINA LEADER 00971nam a2200289 i 4500 001 991003255699707536 005 20021205144149.0 008 020128s|||| it ||| | ita 020 $a8870784932 035 $ab11778301-39ule_inst 035 $aPARLA222881$9ExL 040 $aDip.to Scienze Pedagogiche$bita 082 0 $a126 100 1 $aDi Francesco, Michele$0217446 245 12$aL'io e i suoi sé :$bidentità personale e scienza della mente /$cMichele Di Francesco 260 $aMilano :$bCortina,$c1998 300 $a333 p. ;$c23 cm. 490 0 $aSaggi [Cortina] 650 4$aIdentità 650 4$aMente 650 4$aPersona$ySec. 17.-20. 907 $a.b11778301$b27-04-17$c09-12-02 912 $a991003255699707536 945 $aLE022 126 DIF01.01$g1$i2022000021241$lle022$o-$pE0.00$q-$rl$s- $t0$u9$v2$w9$x0$y.i12024831$z09-12-02 996 $aIo e i suoi sé$9564154 997 $aUNISALENTO 998 $ale022$b01-01-02$cm$da $e-$fita$git $h2$i1